[Event "Titled Tue 3rd Jun Early"]
[Site "chess.com INT"]
[Date "2025.06.03"]
[Round "8"]
[White "Pulido Alvarez, Ariel"]
[Black "Herrera Ortiz, Miguel"]
[Result "1-0"]
[WhiteTitle "FM"]
[BlackTitle "IM"]
[WhiteElo "2252"]
[BlackElo "2174"]
[WhiteFideId "3503011"]
[BlackFideId "5100550"]
[EventDate "2025.06.03"]

1. e4 e6 2. d4 d5 3. e5 c5 4. c3 Ne7 5. Nf3 Nec6 6. a3 a5 7. Bd3 b6 8. O-O Ba6
9. Bxa6 Rxa6 10. Be3 Nd7 11. c4 cxd4 12. cxd5 exd5 13. e6 fxe6 14. Bxd4 e5 15.
Bxe5 Ndxe5 16. Nxe5 Nxe5 17. Qe2 Ra7 18. Qxe5+ Re7 19. Qd4 Re4 20. Qd3 Bc5 21.
Nc3 Re5 22. Rae1 Qd6 23. b4 axb4 24. axb4 Bxb4 25. Rxe5+ Qxe5 26. Qb5+ Kf7 27.
Qxb4 Rc8 28. Nb5 Rc6 29. g3 h6 30. Rd1 Kg8 31. Qb3 Rc5 32. Nd4 Qd6 33. Nf5 Qe6
34. Ne3 Kf7 35. Rxd5 Rc1+ 36. Kg2 Qe4+ 37. Kh3 Qe6+ 38. Rf5+ Ke7 39. Qxe6+ Kxe6
40. Rb5 Rc6 41. Kg4 Kd6 42. Kf4 Kc7 43. Ke4 Kb7 44. Kd5 Rf6 45. f4 g5 46. fxg5
hxg5 47. h4 gxh4 48. gxh4 Rf3 49. Ke4 Rh3 50. Nf5 Ka6 51. Rb1 b5 52. Kf4 Ka5 53.
Kg4 Rh2 54. h5 b4 55. h6 Ka4 56. Kg5 b3 57. Kg6 Ka3 58. h7 b2 59. Nh6 Ka2 60.
Rxb2+ Rxb2 61. h8=Q Rb6+ 62. Kg5 Rb5+ 63. Nf5 Rb2 64. Qg8+ Kb1 65. Kf4 Rf2+ 66.
Ke3 Rb2 67. Nd4 Ka1 68. Qa8+ Kb1 69. Kd3 Rh2 70. Ne2 Rh3+ 71. Kd2 Rb3 72. Qa4
Rb2+ 73. Kd1 Rb8 74. Nc3+ Kb2 75. Kd2 Rd8+ 76. Ke3 Kxc3 77. Qa6 Rd5 78. Qc6+ Kb4
79. Qxd5 1-0

[Event "Titled Tue 3rd Jun Early"]
[Site "chess.com INT"]
[Date "2025.06.03"]
[Round "8"]
[White "Lai, Duc Minh"]
[Black "Haug, Havard"]
[Result "1-0"]
[BlackTitle "FM"]
[WhiteElo "2072"]
[BlackElo "2354"]
[WhiteFideId "12420387"]
[BlackFideId "1547887"]
[EventDate "2025.06.03"]

1. e4 c5 2. Nc3 a6 3. g3 g6 4. Bg2 Bg7 5. d3 Nc6 6. Nh3 d6 7. O-O Bxh3 8. Bxh3
e6 9. f4 Nge7 10. f5 Bd4+ 11. Kh1 exf5 12. exf5 O-O 13. f6 Nc8 14. Qf3 Nb6 15.
Qf4 Re8 16. Ne4 Rxe4 17. Qxe4 Bxf6 18. Qf3 Kg7 19. c3 Ne5 20. Qxb7 Nxd3 21. Bg5
Rb8 22. Bxf6+ Qxf6 23. Qxb8 Nf2+ 24. Kg2 Nd5 25. Rxf2 Ne3+ 26. Kg1 Qe5 27. Re1
Qd5 28. Rxe3 Qd1+ 29. Rf1 Qd5 30. Bg2 Qf3 31. Rexf3 Kh6 32. Rxf7 Kg5 33. Qxd6
Kh6 34. Qxc5 g5 35. Qa5 Kh5 36. Qxa6 h6 37. Qd6 Kg4 38. Qd4+ Kh5 39. Qd1+ g4 40.
R7f5+ Kg6 41. Qxg4+ Kh7 42. Qd1 Kh8 43. Kf2 Kh7 44. Rh1 Kh8 45. Rd5 Kh7 46. Rd2
Kh8 47. Rc2 Kh7 48. Rc1 Kh8 49. Ra1 Kh7 50. b4 Kh8 51. a4 Kh7 52. a5 Kh8 53. a6
Kh7 54. a7 Kh8 55. Bf1 Kh7 56. Ke1 Kg7 57. a8=N Kh7 58. Nb6 Kg7 59. Nc4 Kh7 60.
Na3 Kg7 61. Nb1 Kh7 62. b5 Kg7 63. b6 Kh7 64. b7 Kg7 65. b8=N Kh7 66. Na6 Kg7
67. Nc5 Kh7 68. Ne4 Kg7 69. Ned2 Kh7 70. Nf3 Kg7 71. Ng1 Kh7 72. c4 Kg7 73. c5
Kh7 74. c6 Kg7 75. Qd4+ Kh7 76. Ra7+ Kg6 77. Qe4+ Kf6 78. Qf4+ Ke6 79. Qxh6+ Kd5
80. h4 Ke4 81. h5 Kd4 82. Qg6 Ke5 83. h6 Kd4 84. h7 Kc5 85. h8=B Kb6 86. Ra1 Kc5
87. Bb2 Kb6 88. Bc1 Kc7 89. Qc2 Kb6 90. Rh6 Kc7 91. Qd1 Kb6 92. Rh1 Kc7 93. Qd7+
Kb6 94. Be3# 1-0

[Event "Titled Tue 3rd Jun Early"]
[Site "chess.com INT"]
[Date "2025.06.03"]
[Round "8"]
[White "Klepek, Witold"]
[Black "Kovalchuk, Alexey"]
[Result "0-1"]
[WhiteTitle "CM"]
[BlackTitle "FM"]
[WhiteElo "2253"]
[BlackElo "2304"]
[WhiteFideId "1175068"]
[BlackFideId "24154385"]
[EventDate "2025.06.03"]

1. c4 e6 2. Nf3 d5 3. g3 Nf6 4. Bg2 d4 5. O-O c5 6. d3 Nc6 7. e3 h6 8. exd4 cxd4
9. Re1 Nd7 10. Na3 Bc5 11. Bf4 O-O 12. Nc2 a5 13. Na3 Re8 14. Ne5 Ndxe5 15. Bxe5
f6 16. Bf4 e5 17. Bd2 Be6 18. Nb5 Qd7 19. Qf3 a4 20. b3 Re7 21. Reb1 Bb4 22.
Bxb4 Nxb4 23. a3 Nc6 24. b4 Kh8 25. Re1 Bg4 26. Qd5 Bf5 27. Qxd7 Rxd7 28. Red1
Ne7 29. c5 Be6 30. Nd6 Bd5 31. Be4 Bxe4 32. dxe4 b6 33. Rdc1 bxc5 34. bxc5 Nc6
35. Rab1 Na5 36. Rb4 Nb3 37. Rcc4 Nxc5 38. Rxc5 Rxd6 39. Kf1 Rd7 40. Ke2 Kh7 41.
Kd3 Kg6 42. f4 exf4 43. gxf4 Rad8 44. h4 h5 45. Rxa4 Rb7 46. Rb4 Ra7 47. a4 Rda8
48. Rcc4 Ra5 49. Rxd4 Rc8 50. Rdc4 Rd8+ 51. Rd4 Rc8 52. Rb5 Ra6 53. Rc4 Rd8+ 54.
Kc3 Rd1 55. f5+ Kh7 56. a5 Ra1 57. Kb4 Rb1+ 58. Kc5 Ra1 59. Kb4 Rb1+ 60. Kc5 Ra1
61. e5 fxe5 62. Re4 R1xa5 63. Rxe5 Rxb5+ 64. Kxb5 Ra3 65. f6 gxf6 66. Rxh5+ Kg6
67. Rh8 Rh3 68. Kc4 Kg7 69. Rh5 Kg6 70. Rh8 Re3 71. Kd4 Re7 72. Rg8+ Kh5 73. Rg1
Kxh4 74. Rf1 Kg5 75. Rg1+ Kf5 76. Rf1+ Kg6 77. Rg1+ Kf7 78. Rf1 Re6 79. Rf2 Kg6
80. Rg2+ Kf7 81. Kd5 Re1 82. Kd4 f5 83. Rf2 Kf6 84. Kd3 Kg5 85. Re2 Rxe2 86.
Kxe2 Kg4 87. Kf2 Kf4 88. Kg2 Ke3 89. Kf1 Kf3 90. Kg1 Ke2 91. Kh2 f4 92. Kg1 f3
93. Kh2 f2 94. Kh3 f1=Q+ 95. Kh2 Qf2+ 96. Kh1 Qf3+ 97. Kh2 Qe3 98. Kh1 Kf2 99.
Kh2 Qh6# 0-1

[Event "Titled Tue 3rd Jun Early"]
[Site "chess.com INT"]
[Date "2025.06.03"]
[Round "8"]
[White "Ismagilov, Damir"]
[Black "Nagare Kaivalya Sandip"]
[Result "1/2-1/2"]
[WhiteTitle "CM"]
[BlackTitle "FM"]
[WhiteElo "2173"]
[BlackElo "2321"]
[WhiteFideId "34199982"]
[BlackFideId "25957929"]
[EventDate "2025.06.03"]

1. d4 Nf6 2. c4 g6 3. Nc3 d5 4. cxd5 Nxd5 5. e4 Nxc3 6. bxc3 Bg7 7. Qa4+ Nd7 8.
Nf3 O-O 9. Be2 c5 10. O-O cxd4 11. cxd4 Nb6 12. Qa3 Bg4 13. Rd1 Qd6 14. Qe3 Rfc8
15. Ba3 Qd8 16. Rac1 Bxf3 17. gxf3 Rxc1 18. Bxc1 Rc8 19. d5 Na4 20. Bd2 Nc3 21.
Bxc3 Rxc3 22. Qxa7 Be5 23. Qxb7 Qd6 24. Kg2 Qf6 25. Qa8+ Kg7 26. Qa6 Qg5+ 27.
Kf1 Bxh2 28. Bd3 Be5 29. Ke2 Bd6 30. Qb6 Qe5 31. Qe3 Ra3 32. Qd2 h5 33. Rb1 Bc5
34. Rb3 Rxb3 35. axb3 Qd4 36. Kf1 Qf6 37. Qe2 Qh4 38. Ke1 Qh1+ 39. Kd2 Qg1 40.
Kc2 Bxf2 41. e5 Bd4 42. e6 Qa1 43. Bc4 Qb2+ 44. Kd1 Qa1+ 45. Kd2 Qb2+ 46. Kd1
Qxe2+ 47. Kxe2 fxe6 48. dxe6 g5 49. Kf1 Kf6 50. Kg2 Ke5 51. Kg3 Bc3 52. Kg2 Kf4
53. Bd5 Bb4 54. Bc4 Bd6 55. Bd5 Kf5 56. Bc4 Kf6 57. Bd5 Ke5 58. Bc4 Kd4 59. Kf2
h4 60. Kg2 Ke5 61. Kh3 Kf4 62. Bd5 Bb4 63. Kg2 Bd2 64. Bc4 Ke5 65. Kh3 Kd4 66.
Kg2 Bf4 67. Bb5 Kc3 68. Bc4 Bd6 69. Bd5 Kd2 70. Bc4 Ke3 71. Bd5 Ke2 72. Bc4+ Ke3
73. Bd5 Kf4 74. Kh3 Kf5 75. Bc4 Ke5 76. Kg2 Ba3 77. Kh3 Bc1 78. Kg2 Bd2 79. Kh3
Be1 80. Kg2 Kf4 81. Bd5 Bg3 82. Bc4 h3+ 83. Kxh3 Kxf3 84. Bd5+ Kf4 85. Kg2 Be1
86. Bc4 g4 87. Bd5 Ke5 88. Bc4 Kd4 89. Kg1 Ke3 90. Kg2 Kf4 91. Bd5 Bd2 92. Bc4
Bb4 93. Bd5 Bd6 94. Bc4 Ke5 95. Kg1 g3 96. Kg2 Kf4 97. Bd5 Ke3 98. Bc4 Kd4 99.
Kf3 Kc3 100. Kg2 Kd2 101. Kf3 Ke1 102. Kg2 Be5 103. Bd5 Ke2 104. Bc4+ Ke3 105.
Bd5 Kd4 106. Bc4 Kc5 107. Kf3 Kb4 108. Kg2 Kc3 109. Kf3 Bd6 110. Kg2 1/2-1/2

[Event "Titled Tue 3rd Jun Early"]
[Site "chess.com INT"]
[Date "2025.06.03"]
[Round "8"]
[White "Omariev, Maksim"]
[Black "Brozynski, Patryk"]
[Result "0-1"]
[WhiteTitle "FM"]
[BlackTitle "CM"]
[WhiteElo "2304"]
[BlackElo "2219"]
[WhiteFideId "4193423"]
[BlackFideId "2512700"]
[EventDate "2025.06.03"]

1. h4 d5 2. h5 e5 3. a4 c5 4. a5 Nc6 5. d3 Nf6 6. h6 g6 7. a6 b6 8. Bd2 e4 9.
Bg5 exd3 10. cxd3 Be7 11. Nf3 Bg4 12. e3 Nd7 13. Bf4 Bf6 14. Qb3 Nde5 15. Nbd2
O-O 16. Be2 Be6 17. Qa3 Nb4 18. Rc1 Nec6 19. O-O Qe7 20. Rfd1 Rfd8 21. Nb1 Rac8
22. Nc3 Bf5 23. Nb5 Rd7 24. d4 Be4 25. dxc5 bxc5 26. Nc3 Bf5 27. Bb5 Rcd8 28.
Na4 c4 29. b3 Nb8 30. bxc4 dxc4 31. Rxd7 Bxd7 32. Bxd7 Rxd7 33. Rxc4 N4xa6 34.
Rc8+ Rd8 35. Bd6 Qe8 36. Rxd8 Qxd8 37. Nd4 Nd7 38. Bg3 Bxd4 39. exd4 Nc7 40. Nc3
Ne6 41. d5 Nec5 42. Qa4 Qf8 43. Qd4 Qxh6 44. d6 Qc1+ 45. Kh2 Qh6+ 46. Bh4 Ne6
47. Qg4 Qf4+ 48. Qxf4 Nxf4 49. Be7 Kg7 50. Kg3 Ne6 51. Kf3 f6 52. Ke3 Kf7 53.
Ke4 Nec5+ 54. Kd5 Ne6 55. Kc6 Ne5+ 56. Kb7 a5 57. Ka6 Nc5+ 58. Kb5 Ncd7 59. Kxa5
Nc6+ 60. Kb5 Nxe7 61. dxe7 Kxe7 62. Kc6 Ke6 63. Nd5 Ne5+ 64. Kc5 Nd3+ 65. Kd4
Nxf2 66. Nf4+ Kf5 67. Ne2 Ng4 68. Ng3+ Kg5 69. Ne4+ Kf5 70. Nd6+ Ke6 71. Ne4 Ne5
72. Ke3 h6 73. Kf4 Nf7 74. Nc5+ Kd5 75. Ne4 Ke6 76. Nc5+ Ke7 77. Ne4 Nd6 78. Nc5
g5+ 79. Kg4 Kf7 80. Kh5 Nf5 81. g4 Ne3 82. Kxh6 Nxg4+ 83. Kh5 Ne5 84. Ne4 Nd3
85. Nxg5+ Ke8 86. Nf3 Ke7 87. Nh4 Ke6 88. Kg4 Ke5 89. Kf3 Nc5 90. Ng6+ Ke6 91.
Nh4 Nd7 92. Kf4 Ne5 93. Nf5 Nd3+ 94. Ke4 Nf2+ 95. Kf4 Nh3+ 96. Kg4 Nf2+ 97. Kf4
Nd3+ 98. Ke4 Nc5+ 99. Kf4 Nd7 100. Ng7+ Kf7 101. Nf5 Nf8 102. Nd6+ Kg6 103. Nf5
Ne6+ 104. Kg4 Nc5 105. Nh4+ Kf7 106. Nf5 Ke6 107. Ng7+ Ke5 108. Kf3 Ne6 109. Kg4
Nxg7 0-1

[Event "Titled Tue 3rd Jun Early"]
[Site "chess.com INT"]
[Date "2025.06.03"]
[Round "8"]
[White "Scheglov, Gleb"]
[Black "Lyakh, Vasiliy"]
[Result "1/2-1/2"]
[WhiteTitle "FM"]
[WhiteElo "2318"]
[BlackElo "2116"]
[WhiteFideId "34356266"]
[BlackFideId "14189828"]
[EventDate "2025.06.03"]

1. f4 d5 2. Nf3 c5 3. g3 g6 4. Bg2 Bg7 5. O-O Nf6 6. d3 O-O 7. Nc3 Nc6 8. e4 d4
9. Ne2 Rb8 10. h3 b5 11. g4 a5 12. Ng3 c4 13. g5 Ne8 14. h4 Bg4 15. Bd2 Rc8 16.
Qe1 Qd6 17. Nh2 Bd7 18. e5 Qc5 19. Ne4 Qb6 20. h5 Nc7 21. Qh4 Nd5 22. Rf3 Ne3
23. Bh3 Nf5 24. Qf2 cxd3 25. cxd3 Nb4 26. Bxb4 axb4 27. hxg6 fxg6 28. Ng4 Rc7
29. Qe1 Qa5 30. a3 Rc2 31. Qxb4 Qxb4 32. axb4 Rxb2 33. Ra7 Bc6 34. Rf2 Rxb4 35.
Bg2 Rb1+ 36. Kh2 Rc1 37. Nef6+ exf6 38. exf6 Rf7 39. Rxf7 Kxf7 40. Bxc6 Bf8 41.
Bd5+ Ke8 42. Re2+ Kd8 43. Ne5 Bd6 44. Nc6+ Kd7 45. f7 Bxf4+ 46. Kh3 Bd6 47. Re8
Rf1 48. Kg2 Rf4 49. Rd8+ Kc7 50. Ra8 Ne3+ 51. Kg1 Nxd5 52. Na7 Rxf7 53. Nxb5+
Kc6 54. Nxd4+ Kc5 55. Ne6+ Kb4 56. Rd8 Bc5+ 57. d4 Bxd4+ 58. Nxd4 Nf4 59. Nc6+
Kc5 60. Ne5 Rf5 61. Nd7+ Kc6 62. Nf6 Ne6 63. Rc8+ Kb7 64. Re8 Nxg5 65. Re7+ Kc6
66. Nxh7 Nf3+ 67. Kh1 Kd6 68. Ra7 Ne5 69. Kg2 Kd5 70. Ra6 Ke4 71. Nf6+ Kf4 72.
Nd5+ Kg4 73. Ne3+ Kf4 74. Nxf5 gxf5 75. Ra4+ Kg5 76. Kg3 Ng6 77. Ra5 Ne7 78. Ra7
Ng6 79. Rg7 Kf6 80. Rg8 Kf7 81. Ra8 Kf6 82. Ra6+ Kg5 83. Kf3 Ne5+ 84. Ke3 Ng4+
85. Kf3 Ne5+ 86. Ke3 Ng4+ 87. Ke2 Ne5 88. Ra5 Ng6 89. Kf3 Nh4+ 90. Ke3 Kg4 91.
Ra4+ Kg5 92. Ra8 Ng6 93. Kf3 Ne5+ 94. Kg2 Ng6 95. Ra5 Nf4+ 96. Kf3 Ng6 97. Ra8
Nh4+ 98. Ke3 Ng6 99. Ra5 Nh4 100. Kd4 Kg4 101. Ke5 Nf3+ 102. Kf6 Nh4 103. Ra4+
f4 104. Ke5 Ng2 105. Ke4 Kg3 106. Ra3+ Kg4 107. Ra8 Kg3 108. Rg8+ Kf2 109. Ra8
Kg3 110. Ra3+ Kg4 111. Ra2 Kg3 112. Ra3+ 1/2-1/2

[Event "Titled Tue 3rd Jun Early"]
[Site "chess.com INT"]
[Date "2025.06.03"]
[Round "9"]
[White "Punin, Andrii"]
[Black "Kleimenov, Nikolay"]
[Result "1-0"]
[WhiteTitle "FM"]
[BlackTitle "CM"]
[WhiteElo "2289"]
[BlackElo "2198"]
[WhiteFideId "14112639"]
[BlackFideId "34414223"]
[EventDate "2025.06.03"]

1. e4 c5 2. Be2 d5 3. exd5 Qxd5 4. Nf3 Nf6 5. Nc3 Qd8 6. d4 cxd4 7. Qxd4 Nc6 8.
Qxd8+ Kxd8 9. Ng5 Ke8 10. Nb5 Nd5 11. c4 a6 12. cxd5 axb5 13. dxc6 bxc6 14. Bf3
Bf5 15. Bxc6+ 1-0

[Event "Titled Tue 3rd Jun Early"]
[Site "chess.com INT"]
[Date "2025.06.03"]
[Round "9"]
[White "Belov, Alexei"]
[Black "Goldin, Roman"]
[Result "1-0"]
[WhiteTitle "IM"]
[BlackTitle "FM"]
[WhiteElo "2421"]
[BlackElo "2296"]
[WhiteFideId "4128206"]
[BlackFideId "2803860"]
[EventDate "2025.06.03"]

1. e4 Nc6 2. Nf3 e5 3. Bb5 a6 4. Ba4 Nf6 5. d4 b5 6. Bb3 Nxd4 7. Nxd4 exd4 8. e5
Ng8 9. Qf3 d5 10. Bxd5 Be6 11. Bxa8 1-0

[Event "Titled Tue 3rd Jun Early"]
[Site "chess.com INT"]
[Date "2025.06.03"]
[Round "9"]
[White "Fiskaaen, Martin Holten"]
[Black "Munoz Ramos, Christopher"]
[Result "0-1"]
[WhiteTitle "FM"]
[BlackTitle "FM"]
[WhiteElo "2292"]
[BlackElo "2133"]
[WhiteFideId "1550233"]
[BlackFideId "3439615"]
[EventDate "2025.06.03"]

1. Nf3 d5 2. d4 e6 3. Bf4 b6 4. e3 Bb7 5. Bd3 Nd7 6. Nbd2 Ngf6 7. c3 h6 8. h4
Bd6 9. Ne5 Bxe5 10. dxe5 Ng8 11. h5 Ne7 12. Qg4 Rg8 13. Nf3 c5 14. O-O Qc7 15.
a4 c4 16. Bc2 O-O-O 17. Nd4 g6 18. Nb5 Qc5 19. Nd6+ Kb8 20. Nxf7 gxh5 21. Qxh5
Rdf8 22. Nxh6 Rg7 23. Ng4 Rfg8 24. f3 Ka8 25. Rf2 Ng6 26. Nf6 Nxf4 27. Qh2 Rxg2+
28. Rxg2 Rxg2+ 29. Qxg2 Nxg2 30. Kxg2 Nxf6 31. exf6 Qf8 0-1

[Event "Titled Tue 3rd Jun Early"]
[Site "chess.com INT"]
[Date "2025.06.03"]
[Round "9"]
[White "Diachek, Andrii"]
[Black "Guerra Tulcan, Lenin"]
[Result "1-0"]
[WhiteTitle "CM"]
[BlackTitle "IM"]
[WhiteElo "2226"]
[BlackElo "2310"]
[WhiteFideId "34106499"]
[BlackFideId "3601382"]
[EventDate "2025.06.03"]

1. c4 e5 2. Nc3 Bc5 3. Nf3 d6 4. e3 a6 5. d4 exd4 6. exd4 Ba7 7. Bd3 Nf6 8. O-O
O-O 9. Bg5 Nbd7 10. Re1 h6 11. Bh4 Re8 12. Qd2 c6 13. Ne4 Bb8 14. Nxf6+ Nxf6 15.
Bxf6 gxf6 16. Qxh6 Rxe1+ 17. Rxe1 f5 18. Ng5 Qf6 19. Re8# 1-0

[Event "Titled Tue 3rd Jun Early"]
[Site "chess.com INT"]
[Date "2025.06.03"]
[Round "9"]
[White "Zhou, Yuxu"]
[Black "Huseynova, Dinara"]
[Result "1-0"]
[WhiteTitle "CM"]
[BlackTitle "WCM"]
[WhiteElo "2087"]
[BlackElo "1822"]
[WhiteFideId "8626421"]
[BlackFideId "13437313"]
[EventDate "2025.06.03"]

1. d4 Nf6 2. c4 e6 3. Nf3 b6 4. g3 Bb4+ 5. Bd2 Be7 6. Bg2 Bb7 7. Nc3 O-O 8. O-O
d6 9. Qc2 Nbd7 10. e4 e5 11. d5 a5 12. Nh4 Re8 13. Nf5 Bf8 14. b3 g6 15. Nh6+
Bxh6 16. Bxh6 Ng4 17. Bd2 Bc8 18. h3 Ngf6 19. Bg5 Kg7 20. Qd2 Rf8 21. f4 Re8 22.
fxe5 dxe5 23. Rxf6 Nxf6 24. Rf1 1-0

[Event "Titled Tue 3rd Jun Early"]
[Site "chess.com INT"]
[Date "2025.06.03"]
[Round "9"]
[White "Asensio Ramos, Enrique Fernando"]
[Black "Bashirli, Saadat"]
[Result "1-0"]
[WhiteTitle "CM"]
[BlackTitle "WCM"]
[WhiteElo "2206"]
[BlackElo "1941"]
[WhiteFideId "2214172"]
[BlackFideId "13429990"]
[EventDate "2025.06.03"]

1. d4 d5 2. Nc3 Nf6 3. Bf4 c5 4. e4 dxe4 5. dxc5 Qxd1+ 6. Rxd1 Bg4 7. Nge2 a6 8.
h3 Bf5 9. Nd4 Bg6 10. Ndb5 axb5 11. Bxb8 Bf5 12. Nxb5 1-0

[Event "Titled Tue 3rd Jun Early"]
[Site "chess.com INT"]
[Date "2025.06.03"]
[Round "9"]
[White "Sanal, Vahap"]
[Black "Tahmasebi, Hamidreza"]
[Result "0-1"]
[WhiteTitle "GM"]
[BlackTitle "FM"]
[WhiteElo "2555"]
[BlackElo "2298"]
[WhiteFideId "6300545"]
[BlackFideId "12537527"]
[EventDate "2025.06.03"]

1. e4 c6 2. d4 d5 3. e5 c5 4. Nf3 cxd4 5. Qxd4 Nc6 6. Qf4 e6 7. a3 Bc5 8. Bd3
Nge7 9. Qg3 Ng6 10. h4 Qc7 11. b4 Bd4 12. Nxd4 Nxd4 13. h5 Qxe5+ 14. Qxe5 Nxe5
15. Kd2 Nxd3 16. Kxd3 e5 17. Bb2 Bf5+ 18. Kd2 Nxc2 19. Ra2 d4 20. Rc1 Be6 0-1

[Event "Titled Tue 3rd Jun Early"]
[Site "chess.com INT"]
[Date "2025.06.03"]
[Round "9"]
[White "King, Alexander"]
[Black "Hossain, Enamul"]
[Result "1-0"]
[WhiteTitle "FM"]
[BlackTitle "GM"]
[WhiteElo "2263"]
[BlackElo "2348"]
[WhiteFideId "2063620"]
[BlackFideId "10200649"]
[EventDate "2025.06.03"]

1. g3 Nf6 2. Bg2 d5 3. c4 c6 4. Nf3 g6 5. O-O Bg7 6. cxd5 cxd5 7. d4 O-O 8. Nc3
Ne4 9. Ne5 Nxc3 10. bxc3 Nc6 11. Nxc6 bxc6 12. Qa4 Qb6 13. Ba3 Bf5 14. Bxe7 Rfe8
15. Bc5 Qc7 16. e3 h5 17. c4 Bd3 18. cxd5 Bxf1 19. d6 Qd8 20. Rxf1 Bf8 21. Bxc6
Re6 22. Bxa8 Qxa8 23. Qxa7 Qd5 24. d7 1-0

[Event "Titled Tue 3rd Jun Early"]
[Site "chess.com INT"]
[Date "2025.06.03"]
[Round "9"]
[White "Karvatskyi, Oleksii"]
[Black "Logachiov, Aleksandr"]
[Result "1-0"]
[WhiteTitle "CM"]
[BlackTitle "CM"]
[WhiteElo "2248"]
[BlackElo "2129"]
[WhiteFideId "14191059"]
[BlackFideId "24123706"]
[EventDate "2025.06.03"]

1. Nc3 d5 2. e4 d4 3. Nce2 d3 4. cxd3 Qxd3 5. Nc3 Qd8 6. d4 Nf6 7. e5 Nd5 8. Bc4
Be6 9. Qb3 Nxc3 10. Bxe6 fxe6 11. bxc3 Qd5 12. Nf3 Nd7 13. O-O Nb6 14. Ng5 Qxb3
15. axb3 Kd7 16. Ne4 Ke8 17. Nc5 Kf7 18. Nxb7 h6 19. c4 g5 20. f4 Kg6 21. Nc5
gxf4 22. Nxe6 Bg7 23. Rxf4 Rhg8 24. Nxc7 Rad8 25. Ne6 Rd7 26. Bb2 Kh5 27. Raf1
a5 28. g3 a4 29. Rh4+ Kg6 30. Rg4+ Kh7 31. Rf7 1-0

[Event "Titled Tue 3rd Jun Early"]
[Site "chess.com INT"]
[Date "2025.06.03"]
[Round "9"]
[White "Burmakin, Evgeniy"]
[Black "Deng, Henry"]
[Result "0-1"]
[WhiteTitle "FM"]
[BlackTitle "FM"]
[WhiteElo "2110"]
[BlackElo "2327"]
[WhiteFideId "4163729"]
[BlackFideId "30965454"]
[EventDate "2025.06.03"]

1. e4 c5 2. Nf3 e6 3. d4 cxd4 4. Nxd4 Nf6 5. Bd3 Nc6 6. Nxc6 dxc6 7. Nc3 e5 8.
Qf3 Qc7 9. Qg3 Be6 10. O-O O-O-O 11. Be3 Kb8 12. a4 h5 13. h3 h4 14. Qf3 a5 15.
Ne2 Be7 16. Rfd1 Rdg8 17. Nc3 g5 18. Qe2 g4 19. hxg4 Nxg4 20. Bc4 Nxe3 21. Bxe6
Nxg2 22. Bxf7 Nf4+ 23. Bxg8 Rxg8+ 24. Kf1 Nxe2 25. Kxe2 Qc8 26. Rg1 Qe6 27. Rad1
Qc4+ 28. Kf3 Rf8+ 29. Kg4 Qe6+ 0-1

[Event "Titled Tue 3rd Jun Early"]
[Site "chess.com INT"]
[Date "2025.06.03"]
[Round "9"]
[White "Cordoba Roa, Angel Gabriel"]
[Black "Fadi, Marko"]
[Result "1-0"]
[WhiteTitle "FM"]
[BlackTitle "FM"]
[WhiteElo "2394"]
[BlackElo "2244"]
[WhiteFideId "3957624"]
[BlackFideId "10605371"]
[EventDate "2025.06.03"]

1. e4 d6 2. d4 Nf6 3. Nc3 g6 4. f4 Bg7 5. Nf3 O-O 6. e5 dxe5 7. fxe5 Nd5 8. Bc4
Nxc3 9. bxc3 c5 10. O-O Nc6 11. Rb1 Bg4 12. h3 Bxf3 13. Qxf3 cxd4 14. Bxf7+ Kh8
15. e6 dxc3 16. Rxb7 Nd4 17. Qe4 Qd6 18. Rd7 Qb4 19. Kh1 a5 20. a3 Qc4 21. Rd1
Rad8 22. Be3 Rxd7 23. exd7 Qxf7 24. Bxd4 Rd8 25. Bb6 1-0

[Event "Titled Tue 3rd Jun Early"]
[Site "chess.com INT"]
[Date "2025.06.03"]
[Round "9"]
[White "Bortnyk, Olexandr"]
[Black "Hovakimyan, Vache"]
[Result "1-0"]
[WhiteTitle "GM"]
[BlackTitle "FM"]
[WhiteElo "2601"]
[BlackElo "2282"]
[WhiteFideId "14120828"]
[BlackFideId "13317288"]
[EventDate "2025.06.03"]

1. d4 d5 2. Nc3 Nf6 3. Bf4 a6 4. e3 b5 5. a3 e6 6. b4 Bd6 7. Nf3 Nc6 8. Bd3 O-O
9. Ne5 Bxe5 10. Bxe5 Nxe5 11. dxe5 Nd7 12. f4 c5 13. Qh5 h6 14. g4 c4 15. Be2
Qb6 16. Nd1 d4 17. g5 hxg5 18. Rg1 gxf4 19. Nf2 d3 20. Ng4 g6 21. Nf6+ Nxf6 22.
exf6 d2+ 23. Kd1 Ra7 24. Qh6 1-0

[Event "Titled Tue 3rd Jun Early"]
[Site "chess.com INT"]
[Date "2025.06.03"]
[Round "9"]
[White "Sindarov, Islombek"]
[Black "Klekowski, Maciej"]
[Result "0-1"]
[WhiteTitle "CM"]
[BlackTitle "GM"]
[WhiteElo "2129"]
[BlackElo "2474"]
[WhiteFideId "14205475"]
[BlackFideId "1132717"]
[EventDate "2025.06.03"]

1. Nf3 b6 2. g3 Bb7 3. Bg2 e6 4. O-O Nf6 5. d3 d5 6. Nbd2 Be7 7. b3 O-O 8. Bb2
a5 9. Qe1 a4 10. Rb1 c5 11. e4 d4 12. Ne5 Na6 13. f4 Nb4 14. Qd1 Nxa2 15. Ra1
axb3 16. Nxb3 Nc3 17. Bxc3 dxc3 18. h3 b5 19. Kh2 b4 20. Qe2 Nd7 21. Rxa8 Bxa8
22. Nxd7 Qxd7 23. Ra1 g6 24. e5 Bd5 25. Nc1 Rc8 26. h4 c4 27. Bxd5 Qxd5 28. dxc4
Rxc4 29. Nb3 Re4 30. Qf3 Rxe5 31. Qxd5 Rxd5 32. Kg2 h5 33. Kf3 f5 34. Ke3 Kf7
35. Ke2 e5 36. fxe5 Rxe5+ 37. Kf3 Re4 38. Kf2 Bd6 39. Ra6 Ke7 40. Ra7+ Ke6 41.
Ra6 Rg4 42. Nc1 Kd5 43. Ne2 f4 44. gxf4 Bxf4 45. Rxg6 Rxg6 46. Nxf4+ Ke4 47.
Nxg6 b3 0-1

[Event "Titled Tue 3rd Jun Early"]
[Site "chess.com INT"]
[Date "2025.06.03"]
[Round "9"]
[White "Todorovic, Bojan"]
[Black "Olhovik, Andrei"]
[Result "1/2-1/2"]
[WhiteTitle "FM"]
[BlackTitle "FM"]
[WhiteElo "2111"]
[BlackElo "2282"]
[WhiteFideId "917087"]
[BlackFideId "13507397"]
[EventDate "2025.06.03"]

1. d4 d5 2. c4 e6 3. Nc3 c5 4. cxd5 exd5 5. Nf3 Nf6 6. g3 Nc6 7. Bg2 Be7 8. O-O
O-O 9. dxc5 Bxc5 10. Na4 Be7 11. b3 Ne4 12. Bb2 Re8 13. Nd4 Bd7 14. Rc1 Nxd4 15.
Qxd4 Bf6 16. Qxd5 Bxa4 17. Qxd8 Raxd8 18. Bxf6 Nxf6 19. bxa4 Rxe2 20. Bxb7 Rxa2
21. Rfd1 Rxd1+ 22. Rxd1 g6 23. Bc6 Ng4 24. Rf1 Ne5 25. Bb5 Kg7 26. h3 Nf3+ 27.
Kg2 Nd4 28. Rd1 Nxb5 29. axb5 Rb2 30. Rd7 Rxb5 31. Rxa7 h5 32. h4 1/2-1/2

[Event "Titled Tue 3rd Jun Early"]
[Site "chess.com INT"]
[Date "2025.06.03"]
[Round "9"]
[White "Anakok, Deniz"]
[Black "Silva Lucena, Cristian"]
[Result "0-1"]
[WhiteTitle "CM"]
[BlackTitle "FM"]
[WhiteElo "2058"]
[BlackElo "2257"]
[WhiteFideId "51603586"]
[BlackFideId "2232588"]
[EventDate "2025.06.03"]

1. e4 c5 2. Nf3 d6 3. d4 cxd4 4. Nxd4 Nf6 5. Nc3 e6 6. Be3 a6 7. a4 Nbd7 8. Be2
b6 9. O-O Bb7 10. f3 Rc8 11. Qd2 Be7 12. g4 Ne5 13. g5 Nfd7 14. f4 Nc4 15. Bxc4
Rxc4 16. h4 Nc5 17. b3 Rxc3 18. Qxc3 Nxe4 19. Qe1 g6 20. Rd1 h6 21. Nf3 hxg5 22.
fxg5 Qc7 23. Bd4 e5 24. Be3 Qc8 25. Qe2 Nc3 26. Qf2 Qg4+ 0-1